000 01109nam a22002777a 4500
003 PE SENCICO BE
005 20251020182706.0
008 240227b |||||||| |||| 00| 0 eng d
040 _aPE SENCICO BE
_cPE SENCICO BE
041 _aspa
084 _aI
_aDIS
_a2012
_bO44
100 1 _91989
_aOlivera Suppo, Maralucia
_eautor
245 1 _aProyecto vivienda: familia Echegaray /
_cMaralucia Olivera Suppo
260 _aLima :
_c2012
300 _a[70] h. :
_bplanos ;
_c30 x 40 cm.
500 _aEl texto contiene planos: 30 x 40 cm.
502 _aMonografía de Titulación.-- Servicio Nacional de Capacitación para la Industria de la Construcción. Escuela Superior Técnica. Carrera Profesional Técnica en Diseño de Interiores, 2012
650 1 0 _944
_aDiseño de interiores
650 2 0 _91628
_aViviendas unifamiliares
650 2 0 _91048
_aDormitorios
650 2 0 _9615
_aPlanos
650 2 0 _9940
_aProyectos de edificaciones
710 1 _aServicio Nacional de Capacitación para la Industria de la Construcción.
_bEscuela Superior Técnica
_91065
910 _bhfp
_chfp
942 _cMON
_2ddc
999 _c4967
_d4967